000 01463cam a22001934a 4500
005 20250605164204.0
008 250528s ||||||||||||||||||||||||d
035 _a19851
040 _aGR-AtMCL
_bgre
_dGR-AtMCL
_eAACR2
245 1 _aΠροβολή
260 _bΑ.Σταμουλης,
_c1995
300 _a280
505 0 _aΠροβολή, Τα ''Εργαλεία'' της Προβολής Διαφήμιση, Το Διαφημιστικό Τμήμα μιας Επιχείρησης, Η Διαφημιστική Εταιρία, Το Διαφημιστικό Πρόγραμμα, Ανάλυση της Υφιστάμενης Κατάστασης, Στοχοθεσία, Μέσα για την Επίτευξη των Στόχων, Έλεγχος και Αξιολόγηση του Προγράμματος, Βιβλιογραφία.
520 _aΠροβολή, Τα ''Εργαλεία'' της Προβολής Διαφήμιση, Το Διαφημιστικό Τμήμα μιας Επιχείρησης, Η Διαφημιστική Εταιρία, Το Διαφημιστικό Πρόγραμμα, Ανάλυση της Υφιστάμενης Κατάστασης, Στοχοθεσία, Μέσα για την Επίτευξη των Στόχων, Έλεγχος και Αξιολόγηση του Προγράμματος, Βιβλιογραφία.
700 1 _aΑθανασούλης Χρ. Κ
_96002
942 _cBK
999 _c5097
_d5097